000 00680nam a2200253 4500
999 _c8456
_d8456
001 749527
003 OSt
005 20191031160654.0
008 731108s1973 ilu 000 0 eng
010 _a72096738
020 _a0882072390
040 _aDLC
_cDLC
_dm.c.
_dCDC
092 _a226.6
_bJ17A
100 1 _aJacobsen, Henry,
_d1908-
245 1 4 _aThe Acts then and now
260 _a[Wheaton, Ill.]
_bVictor Books
_c[1973]
300 _a224 p.
_c18 cm
490 1 _aAn Input book
490 1 _aJames T. Jeremiah collection
630 0 0 _aBible.
_pActs
_xCriticism, interpretation, etc
830 0 _aInput book
830 0 _aJames T. Jeremiah collection
942 _2ddc
_cBK